Mickiewicz i jego dziedzictwo

Titel: Mickiewicz i jego dziedzictwo : w 200. rocznicę wydania Ballad i romansów
Beteiligt: ;
Veröffentlicht: Zielona Góra : Oficyna Wydawnicza Uniwersytetu Zielonogórskiego, 2024
Umfang: 144 Seiten
Format: Buch
Sprache: Polnisch
Schriftenreihe/
mehrbändiges Werk:
Seria Monografii Naukowych Uniwersytetu Zielonogórskiego. Scripta Humana ; vol. 18
Schlagworte:
ISBN: 9788378425229
Buchumschlag
X
alg: 54277352
001A    $03004:09-03-26 
001B    $03004:15-04-26 $t15:58:23.000 
001D    $03004:09-03-26 
001U    $0utf8 
001X    $00 
002@    $0Aaa 
002C    $aText $btxt $2rdacontent 
002D    $aohne Hilfsmittel zu benutzen $bn $2rdamedia 
002E    $aBand $bnc $2rdacarrier 
003@    $054277352X 
004A    $A978-83-7842-522-9 
007A    $054277352X $aHEB 
010@    $apol 
010E    $erda 
011@    $a2024 
013D    $#Beiträge Formschlagwort $#Einzelbeiträge $#Sammelwerk Formschlagwort $74143413-4 $8Aufsatzsammlung [Tsz] $9085562742 
021A    $aMickiewicz i jego dziedzictwo $dw 200. rocznicę wydania Ballad i romansów 
028C    $BHerausgeber $4edt $7 $8Kulczycka, Dorota [Tnu] $9185407544 
028C    $BHerausgeber $4edt $71135299056 $8Ruszczyńska, Marta$Z20./21. Jh. [Tp3] $9404382800 
033A    $pZielona Góra $nOficyna Wydawnicza Uniwersytetu Zielonogórskiego 
034D    $a144 Seiten 
036E    $aSeria Monografii Naukowych Uniwersytetu Zielonogórskiego. Scripta Humana $lvol. 18 
044K    $#Balladen und Romanzen $#Mickiewicz, Adam $#087074516 $74430776-7 $8Mickiewicz, Adam$Z1798-1855 [Tp1]$aBallady i romanse [Tu1] $9088716333 
044K    $RBuch $RSchriftsteller $#Literature $#Littérature $#Letteratura $#Literatura $#literature $#Literature $#Literatur $#Literatur $#Belletristik $#Dichtung Literatur $#Schöne Literatur $#Sprachkunst $#Wortkunst $74035964-5 $8Literatur [Tsz] $9085097128 
044K    $RLechisch $#Polish language $#Polonais (langue) $#Lingua polacca $#Lengua polaca $#Polnisch $#Polnische Sprache $74120314-8 $8Polnisch [Ts1] $9085383503 
044K    $RAuswirkung $RFortleben $#Influence (Literary, artistic, etc.) $#Influence littéraire, artistique, etc. $#Rezeption $#Fortwirken $#Nachwirkung Rezeption $#Nachleben $#Wirkungsgeschichte $#Aneignung Rezeption $74049716-1 $8Rezeption [Tsz] $9085138584 
045R    $aGeschichte 

lok: 54277352 24

exp: 54277352 24 1 #EPN
201B/01 $009-03-26 $t08:20:05.000 
201C/01 $009-03-26 
201U/01 $0utf8 
203@/01 $01337287229 
208@/01 $a09-03-26 $ba 
209A/01 $azur Erwerbung bestellt $f050 $x00 
209B/01 $aLexicon-2026-3 $x05 
220C/01 $ahae//K-lexicon//09.03.26 
247C/01 $8358050-7 Marburg, Bibliothek des Herder-Instituts Marburg $9102600961
LEADER 00000cam a22000008c 4500
001 54277352X
003 DE-603
005 20260415155823.0
007 tu
008 260309s2024 xx |||| | u00||u|pol c
020 |a 9788378425229 
035 |a (DE-599)HEB54277352X 
040 |a DE-603  |b ger  |c DE-603  |d DE-603  |e rda 
041 |a pol 
245 0 0 |a Mickiewicz i jego dziedzictwo  |b w 200. rocznicę wydania Ballad i romansów 
264 1 |a Zielona Góra  |b Oficyna Wydawnicza Uniwersytetu Zielonogórskiego  |c 2024 
300 |a 144 Seiten 
336 |a Text  |b txt  |2 rdacontent 
337 |a ohne Hilfsmittel zu benutzen  |b n  |2 rdamedia 
338 |a Band  |b nc  |2 rdacarrier 
490 0 |a Seria Monografii Naukowych Uniwersytetu Zielonogórskiego. Scripta Humana  |v vol. 18 
600 1 7 |a Mickiewicz, Adam  |d 1798-1855  |t Ballady i romanse  |0 (DE-588)4430776-7  |0 (DE-603)088716333  |2 gnd 
648 7 |a Geschichte  |2 gnd 
650 7 |a Literatur  |0 (DE-588)4035964-5  |0 (DE-603)085097128  |2 gnd 
650 7 |a Polnisch  |0 (DE-588)4120314-8  |0 (DE-603)085383503  |2 gnd 
650 7 |a Rezeption  |0 (DE-588)4049716-1  |0 (DE-603)085138584  |2 gnd 
655 7 |a Aufsatzsammlung  |2 gnd-content  |0 (DE-588)4143413-4  |0 (DE-603)085562742 
700 1 |a Kulczycka, Dorota  |e Herausgeber  |4 edt  |0 (DE-603)185407544 
700 1 |a Ruszczyńska, Marta  |d 20./21. Jh.  |e Herausgeber  |4 edt  |0 (DE-603)404382800  |0 (DE-588)1135299056  |2 gnd 
924 0 |9 Mb 50  |a (DE-603)1337287229  |b DE-Mb50  |c HES  |d c  |g zur Erwerbung bestellt